Complex arbitrations : multi-party, multi-contract, and multi-issue : (Record no. 595501)

000 -LEADER
fixed length control field 00606nam a22001817a 4500
020 ## - INTERNATIONAL STANDARD BOOK NUMBER
International Standard Book Number 9789403512617
082 ## - DEWEY DECIMAL CLASSIFICATION NUMBER
Classification number 341.522
Author Mark HAN
100 ## - MAIN ENTRY--PERSONAL NAME
Personal name Hanotiau, Bernard
245 ## - TITLE STATEMENT
Title Complex arbitrations : multi-party, multi-contract, and multi-issue :
Remainder of title a comparative study /
Statement of responsibility, etc. Bernard Hanotiau
250 ## - EDITION STATEMENT
Edition statement 2nd edition
260 ## - PUBLICATION, DISTRIBUTION, ETC.
Place of publication, distribution, etc. The Netherlands:
Name of publisher, distributor, etc. Kluwer Law International BV,
Date of publication, distribution, etc. 2020.
300 ## - PHYSICAL DESCRIPTION
Extent 610p
563 ## - BINDING INFORMATION
Binding note H.B
650 ## - SUBJECT ADDED ENTRY--TOPICAL TERM
Topical term or geographic name entry element International commercial arbitration,
650 ## - SUBJECT ADDED ENTRY--TOPICAL TERM
Topical term or geographic name entry element Conflict of laws,
650 ## - SUBJECT ADDED ENTRY--TOPICAL TERM
Topical term or geographic name entry element Contracts (International law)
942 ## - ADDED ENTRY ELEMENTS (KOHA)
Source of classification or shelving scheme
Koha item type Book
650 ## - SUBJECT ADDED ENTRY--TOPICAL TERM
-- 114435
650 ## - SUBJECT ADDED ENTRY--TOPICAL TERM
-- 35320
650 ## - SUBJECT ADDED ENTRY--TOPICAL TERM
-- 114436
Holdings
Withdrawn status Lost status Source of classification or shelving scheme Damaged status Not for loan Permanent Location Current Location Date acquired Source of acquisition Full call number Barcode Date last seen Price effective from Koha item type
          NUST Law School (NLS) NUST Law School (NLS) 08/12/2023 Pakistan Law House 341.522 HAN CL-1496 08/12/2023 08/12/2023 Book
© 2023 Central Library, National University of Sciences and Technology. All Rights Reserved.